00565nam a2200205Ia 4500001000600000003000500006008004100011010001100052040000900063082001600072100003000088245009200118260003200210300002100242440000500263500000500268503001900273650003200292650003500324Z_974CHAP220113s1988 xx 000 0 und d a164050 cCHAP a001.6424 C8 aCuñat Aibar, Andrés M aTurbo Pascal : prácticas y programas /cpor Andrés M. Cuñat Aibar y Sara Nuñez aMadrid :bParaninfo,c1988 a200 p. : bilus. a a a145684, 145690 aLenguajes de programación aTurbo Pascal (Programación)